00976nam a2200277 a 450000100100000000500170001000800410002704000250006808200210009310000440011424500640015825000120022226000680023430000210030249000240032359000260034765000220037365000330039565000210042865000220044965000230047183000310049491000370052595201190056299900170068100004781820260129095557.0111020s1982 ag 000 0 spa d aDO-SdBNPbspacBNPHU a150bM516i, 19821 aMejía Reicart G., Tirsod1936-97539910aIntroducción a la psicología /cTirso Mejía Ricart G. a3a. ed. aSanto Domingo :bFandación Mejía Ricart-Guzman Boom,c1982. a342 p. ;c18 cm.1 aTextos básicosv1 aInventariado, 2018/VM 0aPsicología9152 0aConducta (Psicología)9673 4aAprendizaje9812 0aPersonalidad9395 0aSalud mental 9803 0aTextos básicosv1953832 aValidado. Control de calidad MFF 001050718MOaPDbPDcHDd2018-08-27iLF1l0o150 M516i, 1982p47818-10r2020-06-25w2020-06-25y1ZNo se presta c47306d47306